| 000 | 00576nam a2200229Ia 4500 | ||
|---|---|---|---|
| 005 | 20250425161624.0 | ||
| 008 | 250425s9999 xx 000 0 und d | ||
| 020 | _a0918062004 | ||
| 041 | _aeng | ||
| 082 | _a622.0155 | ||
| 100 | _aLEROY, L.W. | ||
| 245 | 0 | _aSUBSURFACE GEOLOGY: PETROLEUM MINING CONSTRUCTION | |
| 250 | _a4TH ED. | ||
| 260 |
_aEstados Unidos _bCOLORADO SCHOOL OF MINES _c1977 |
||
| 260 | _aGOLDEN | ||
| 300 | _a941 | ||
| 650 | _aCONFERENCIAS | ||
| 650 | _aGEOLOGIA DEL PETROLEO | ||
| 650 | _aPETROLEO-CONTROL | ||
| 942 | _c01 | ||
| 010 | _a24444 | ||
| 999 |
_c212762 _d212762 |
||